Dirección de empresas familiares: reto al destino

Uloženo v:
Podrobná bibliografie
Hlavní autor: Martínez Echezárraga, Jon Iñaki (autor)
Médium: Kniha
Jazyk:španělština
Vydáno: Viña del Mar Emprenden 2006
Vydání:1a. ed
Témata:
Tagy: Přidat tag
Žádné tagy, Buďte první, kdo vytvoří štítek k tomuto záznamu!

MARC

LEADER 00000cam a2200000 a 4500
001 UCD5869
003 CL-VaPUC
008 161028e20060000cl |||||||||||||||||spa|d
020 |a 9789568333033 
082 0 4 |a 658.15  |b MAR  |2 21 
100 |a Martínez Echezárraga, Jon Iñaki  |e autor  |9 322009 
245 1 0 |a Dirección de empresas familiares: reto al destino 
250 |a 1a. ed 
300 |a 221 p 
942 |c BK 
945 |d 20161028 10:18:00  |a arojas 
260 |a Viña del Mar  |b Emprenden  |c 2006 
500 |a Cómo las familias empresarias pueden vencer al destino y perdurar con éxito a través de las generaciones 
650 0 |a Empresas familiares  |9 498461 
650 0 |a Dirección de empresas  |9 395192 
650 0 |a Administración de empresas   |9 260833 
583 |a last modification  |c 20161028 10:18:00  |k Rodrigo Vera 
999 |c 366409  |d 366407